La venta de derechos

Detalles Bibliográficos
Autor principal: Owen, Lynette
Formato: eBook
Lenguaje:español
Publicado: Bogot:̀ Universidad de Los Andes (Colombia), 2022
Materias:
Acceso en línea:Acceso restringido

MARC

LEADER 00000nam a22000007a 4500
005 20221028220038.0
007 cr|||| ||||
008 221028s2022 co |||||s|||| 00||0 spa d
020 |a 978-958-798-279-4 
035 |a 37421 
040 |a vLex 
090 |c 14060  |d 14060 
100 1 |a Owen, Lynette 
245 1 2 |a La venta de derechos  |h [Recurso electrn̤ico] /  |c Lynette Owen 
256 |a Servicio en ln̕ea 
260 |a Bogot:̀  |b Universidad de Los Andes (Colombia),  |c 2022 
300 |a 1 recurso electrn̤ico 
506 1 |a Disponible solo en los productos indicados  |d vLex Global  |d vLex Global (Academic Edition, excluding Law Schools)  |d vLex Global (U.S. Academic Edition, Law Schools)  |d vLex Global (U.S. Academic Edition, excluding Law Schools)  |d vLex Global (Academic Edition, Law Schools) 
650 0 4 |a Derecho Mercantil y de la Empresa  |z Colombia 
740 0 |a vLex Libros (Servicio en ln̕ea) 
856 4 0 |u https://app.vlex.com/#/sources/37421  |z Acceso restringido 
942 |c BOOK 
999 0 |a Commercial and Company Law